00217nam a2200085Ia 4500008004100000041000800041082001500049100002200064245004500086240625s9999 xx 000 0 und d aeng a808.20 KAU aKAUR KANCHANPREET aINTEGREON INDIA AS A DESTINATION FOR OUT